Tom and Jerry Trivia - Statistics

General Stats
  • This quiz has been taken 58 times
  • The average score is 10 of 19
Answer Stats
Hint Answer % Correct
Large English bulldog Spike
77%
Tom and Jerry creators William Hanna
69%
Tom and Jerry creators Joseph Barbera
60%
The original Tom and Jerry shorts were distributed under this media company MGM
60%
Fill in the titles of these shorts Jerry and the {Lion}
58%
His pup son Tyke
58%
Black frenemy cat of Tom Butch Cat
56%
Tom and Jerry has been nominated 13 times for these awards, with 7 wins Oscars
52%
Style of physical comedy in Tom and Jerry shorts Slapstick
52%
Fill in the titles of these shorts The {Flying} Cat
50%
Gray orphaned mouse Tuffy
50%
Tom's original name in 1940 Jasper
46%
Fill in the titles of these shorts Mouse in {Manhattan}
44%
Fill in the titles of these shorts The Cat {Concerto}
44%
Other Tom and Jerry directors Chuck Jones
40%
Fill in the titles of these shorts The Two {Mouseketeers}
40%
Other Tom and Jerry directors Gene Deitch
35%
Tom's main love interest Toodles Galore
35%
What Tom and Jerry usually don't do (don't you believe it) Talk
33%
No matching quizzes found
Score Distribution
Percent of People with Each Score
Percentile by Number Answered
Your Score History
You have not taken this quiz